000 00783nam a2200193 i 4500
001 156385
003 ES-MaACL
005 20241026162458.0
008 981230s1843 be |||| | fre d
040 _aCCPB | B
_bspa
_cCCPB | B
100 1 _aJobard, Jean Baptiste.
_9128327
245 1 0 _aCréation de la propieté intellectuelle
_b: de la nécessité et des moyens d'organiser l'industrie, de moraliser le commerce et de discipliner la concurrence /
_cpar M. Jobard ...
260 _aBruxelles :
_bImprimerie de C. J. de Mat et Cie,
_c1843.
300 _a[2], 68 p. ;
_c26 cm.
597 _aAntep.
852 _aES-MaACL
_jT-1272-F-1
_z-- Enc. hol., conservando la cub. original
_z-- Donación Bosch
_z-- Enc. en un vol. facticio
942 _2udc
999 _c156385
_d156385